Cities on Interstate 2 - Statistics

General Stats
  • This quiz has been taken 6 times
  • The average score is 3 of 13
Answers on the Map
Answers color-coded by a green-red scale on the quiz's map according to % correct below.
 
Answer Stats
State County Answer % Correct
Texas Hidalgo McAllen
80%
Texas Hidalgo Alamo
40%
Texas Cameron Harlingen
40%
Texas Hidalgo Mission
40%
Texas Hidalgo Mercedes
20%
Texas Hidalgo Palmview
20%
Texas Hidalgo Pharr
20%
Texas Hidalgo San Juan
20%
Texas Hidalgo Weslaco
20%
Texas Hidalgo Donna
0%
Texas Cameron La Feria
0%
Texas Hidalgo La Joya
0%
Texas Hidalgo Penitas
0%
No matching quizzes found
Score Distribution
Percent of People with Each Score
Percentile by Number Answered
Your Score History
You have not taken this quiz